000 00501nam a2200181Ia 4500
008 151018s9999 xx 000 0 und d
082 _bRBASDV21843
_a891.463
100 _aअमृता प्रीतम
245 _aनागमणी
250 _b1
260 _bक्ष
_c1987
300 _a130
600 _aअमृता प्रीतम
630 _aनागमणी
700 _aअमृता प्रीतम
730 _aनागमणी
942 _cBOOK
999 _c1021517
_d1021514